000 01146cam a22003857a 4500
003 CHAP
005 20220817044009.0
008 050222d2003 it b rn 00110 eng d
010 _a89638
011 _a90610
020 _a9251049742
035 _a101166
040 _cCHAP
082 0 4 _a639.2
_bF3 v.445
110 2 _aFAO
245 1 2 _aMeasuring capacity in fisheries
_c/ed by S. Pascoe & D. Gréboval
260 _aRome :
_bFAO,
_c2003.
300 _a314 p. ;
_bgráfs. ; mapa
410 _aFAO
490 0 _aDocumento técnico de pesca
_v; 445
590 _aBATCH-UPD
_b10
_c20130110
_lUCH01
_h0509
590 _aBATCH-UPD
_b10
_c20130410
_lUCH01
_h0148
590 _aBATCH-UPD
_b10
_c20130914
_lUCH01
_h1215
590 _aCONVERSION
_b10
_c20130109
_lUCH01
_h1350
650 1 4 _aPesca
_xEvaluaciones.
_987384
650 1 4 _aPesquería.
_987496
700 0 0 _aGréboval, D.
_950772
700 0 0 _aPascoe,S.
810 0 _aFAO
830 0 0 _aDocumento técnico de pesca
_v; 445
_933242
901 _aBK
905 _aMayto Villalobos Santana
942 _cLIBRO
949 _a639.2 F3 v.445
_bBC
_cFAO
_d33724000915419
_eFAO1
_h104281
_i101166
_sb
999 _c89638
_d89638